000 00640nam a2200265Ia 4500
005 20260121171008.0
008 008 260114s9999 xx 000 0 eng d
020 _a9783658247645
037 _aEBOOK
040 _aCRL
040 _beng
040 _cCRL
041 _2eng
041 _aeng
084 _qCRL
100 _aChristian Lindorfer
_91070738
245 4 _aThe Language of Self-Avoiding Walks
260 _bSpringer
260 _bSpringer
260 _c2018
856 _uhttps://link.springer.com/openurl?genre=book&isbn=978-3-658-24764-5
942 _cEBOOK
999 _c1636468
_d1636468